000 00338nam a2200133Ia 4500
008 220803s9999 xx 000 0 und d
020 _a9788185026916
041 _aeng
082 _a722 PAD
100 _aPadamsee B Ed.
_930062
245 _aAkbar Padamsee : Work In Language
260 _aMumbai
_bMarg Publication
_c2010
300 _a372p
999 _c18894
_d18894